000 00618nam a22002297a 4500
003 UA-OsUOA
001 100530
007 ta
008 20130528b un ||||| |||| 00| 0 ukr d
100 _aБілошапка В.
700 _aКорчан А.
090 _a330(477)
_bБ67
942 _cSA
040 _aUA-OsUOA
_bukr
_cUA-OsUOA
_dUA-OsUOA
245 _aТеоретичні аспекти оцінки якості банківських послуг
300 _aС.78-84
955 _a0
041 _aukr
080 _a330(477)
773 0 _w100521
650 7 _a330 Економіка взагалі
_2UDC
999 _c387173
_d387173